Hướng dẫn quy chế chi tiêu tài chính sử dụng và quyết toán kinh phí giáo dục - đào tạo dành cho kế toán trưởng trường học 2011-2012
Các văn bản chỉ đạo, hướng dẫn xây dựng quy chế chi tiêu tài chính trong ngành giáo dục - đào tạo; Quy định mới nhất về chế độ kế toán hành chính sự nghiệp; Những quy định mới về sử dụng, quyết toán, thu chi kinh phí, ngân sách nhà nước; Quy định mới về chi lương và các khoản phụ cấp khác; Chế độ ch...
Wedi'i Gadw mewn:
| Fformat: | Llyfr |
|---|---|
| Iaith: | Vietnamese |
| Cyhoeddwyd: |
Hà Nội
Lao động
2011
|
| Pynciau: | |
| Tagiau: |
Ychwanegu Tag
Dim Tagiau, Byddwch y cyntaf i dagio'r cofnod hwn!
|
| Thư viện lưu trữ: | Mạng thư viện Đại học Đà Nẵng |
|---|
| LEADER | 02038nam a2200385 4500 | ||
|---|---|---|---|
| 001 | 000019258 | ||
| 003 | 15693 | ||
| 005 | 20140410100448.0 | ||
| 008 | 140410s2011 viesd | ||
| 020 | |c 299000 | ||
| 041 | 0 | |a vie | |
| 082 | 1 | 4 | |a 344.597076 |b Hươ |
| 245 | 0 | 0 | |a Hướng dẫn quy chế chi tiêu tài chính sử dụng và quyết toán kinh phí giáo dục - đào tạo dành cho kế toán trưởng trường học 2011-2012 |
| 246 | |a Hướng dẫn qui chế chi tiêu tài chính sử dụng và quyết toán kinh phí giáo dục - đào tạo dành cho kế toán trưởng trường học 2011-2012 | ||
| 260 | |a Hà Nội |b Lao động |c 2011 | ||
| 300 | |a 471 tr. |c 28 cm. | ||
| 520 | 3 | |a Các văn bản chỉ đạo, hướng dẫn xây dựng quy chế chi tiêu tài chính trong ngành giáo dục - đào tạo; Quy định mới nhất về chế độ kế toán hành chính sự nghiệp; Những quy định mới về sử dụng, quyết toán, thu chi kinh phí, ngân sách nhà nước; Quy định mới về chi lương và các khoản phụ cấp khác; Chế độ chi tiêu công tác phí, chi hội nghị, hội thảo, tiếp khách, trích, lập và sử dụng quỹ... | |
| 650 | 0 | 4 | |a Giáo dục |x Tài chính |x Kế toán trưởng |y 2011-2012 |z Việt Nam |
| 653 | |a Luật giáo dục | ||
| 653 | |a Giáo dục Việt Nam | ||
| 653 | |a Hướng dẫn quy chế | ||
| 653 | |a Chi tiêu tài chính | ||
| 653 | |a Quyết toán kinh phí | ||
| 653 | |a Kế toán trưởng | ||
| 653 | |a Trường học | ||
| OWN | |a LSP | ||
| AVA | |a UDN50 |b LSP |d 344.597076 Hươ |e available |t Error 5001 Not defined in file expand_doc_bib_avail. |f 1 |g 0 |h N |i 0 |k 1 | ||
| 999 | |a From the UDN01 | ||
| AVA | |a UDN50 |b LSP |d 344.597076 Hươ |e available |t Error 5001 Not defined in file expand_doc_bib_avail. |f 1 |g 0 |h N |i 0 |k 1 | ||
| TYP | |a Monograph | ||
| TYP | |a Printed language | ||
| 980 | |a Mạng thư viện Đại học Đà Nẵng | ||